000 00923cam a22002531 4500
001 sd 45000076
003 DLC
005 20260227112735.0
008 900601s1945 nyu b 000 0 eng c
010 _asd 45000076
035 _a(OCoLC)21659234
040 _aU.S. Dept. of State. Libr.
_cTxU
_dOCoLC
_dDLC
042 _apremarc
050 0 0 _aD410
_b.F65 vol. 21, no. 15
100 1 _aHolmes, Olive.
245 1 0 _aBrazil: rising power in the Americas,
_cby Olive Holmes.
260 _aNew York, N.Y.,
_bForeign Policy Association, incorporated
_c[1945]
300 _a1 p.l., 211-219, [1] p.
_c27 cm.
490 0 _aForeign policy reports,
_vvol.XXI, no. 15. October 15, 1945
500 _a"Status of Brazilian-U.S. war agreements, by O.K.D. Ringwood and Olive Holmes": p.[220]
504 _aBibliographical foot-notes.
651 0 _aBrazil
_xPolitics and government
_y1930-1945.
651 0 _aBrazil
_xEconomic policy.
999 _c89958
_d89958